15 najgorszych europejskich reprezentacji (Ranking FIFA) - Statystyki

Ogólne statystyki
  • Ten quiz został rozwiązany 157 razy
    106 od ostatniego zresetowania
  • Średni wynik to 7 z 15
Statystyki odpowiedzi
Ranking Reprezentacja % Poprawnych
211 San Marino
94%
155 Andora
82%
204 Liechtenstein
80%
145 Litwa
71%
134 Łotwa
71%
172 Malta
70%
164 Mołdawia
70%
129 Wyspy Owcze
65%
202 Gibraltar
56%
209 Brytyjskie Wyspy Dziewicze
17%
210 Anguilla
10%
203 Aruba
8%
179 Montserrat
8%
161 Nowa Kaledonia
6%
205 Turks i Caicos
6%
Nie znaleziono quizów pasujących do podanych kryteriów
Rozkład punktacji
Procent ludzi z każdym wynikiem
Percentyl według liczby udzielonych odpowiedzi
Twoja historia wyników
Nie rozwiązałeś tego quizu od ostatniego zresetowania